|
|
|
|
| LEADER |
00802nab a2200193 i 4500 |
| 001 |
misc6596 |
| 005 |
20191106142102.0 |
| 008 |
170607s1938 hu o 0|| hun d |
| 040 |
|
|
|a SZTE Miscellanea Repozitórium
|b hun
|
| 041 |
|
|
|a hun
|
| 100 |
1 |
|
|a Szigeti László
|
| 245 |
1 |
3 |
|a Az ügyvédi munkadíj az új ügyvédi rendtartástan
|h [elektronikus dokumentum] :
|b írták: Dr. Bernhard Miksa és Dr. Bernhard László : [könyvismertetés] /
|c ifj. Szigeti László
|
| 260 |
|
|
|c 1938
|
| 300 |
|
|
|a 340-341a
|
| 490 |
0 |
|
|a Polgári jog : a hazai és külföldi magánjog és hiteljog szemléje
|v 14
|
| 695 |
|
|
|a Ügyvédség - magyar - könyvismertetés
|
| 700 |
0 |
1 |
|a Bernhard Miksa
|
| 700 |
0 |
1 |
|a Bernhard László
|
| 856 |
4 |
0 |
|u http://misc.bibl.u-szeged.hu/6596/1/polgari_jog_1938_340-341a.pdf
|z Dokumentum-elérés
|